[Event "AUTO-INT-1807"]
[Site "http://www.queenalice.com/game.php?id=827021"]
[Date "2010.9.2"]
[Round "1"]
[White "jumping"]
[Black "Inexperiente"]
[Result "0-1"]
[WhiteElo "1679"]
[BlackElo "1951"]

1. e4 c5 2. d4 cxd4 3. Qxd4 Nc6 4. Qd1 Nf6 5. Nc3 d6 6. Bb5 e6 7. Nf3 Bd7 8. O-O
Be7 9. Re1 O-O 10. Bf4 a6 11. Bxc6 Bxc6 12. e5 dxe5 13. Bxe5 Qb6 14. b3 Rfd8 15.
Nd4 Nd7 16. Qg4 Bf6 17. Nxc6 Qxc6 18. Bf4 Bxc3 0-1

[Event "AUTO-INT-1807"]
[Site "http://www.queenalice.com/game.php?id=827022"]
[Date "2010.9.2"]
[Round "1"]
[White "Inexperiente"]
[Black "torrenegra64"]
[Result "0-1"]
[WhiteElo "1809"]
[BlackElo "1506"]

1. d4 Nf6 2. c4 g6 3. Nc3 Bg7 4. Nf3 d6 5. e3 O-O 6. Bd3 Nc6 7. b3 e5 8. dxe5
dxe5 9. Bb2 Qe7 10. O-O Rd8 11. a3 e4 12. Nd5 Nxd5 13. Bxg7 Kxg7 14. cxd5 Rxd5
15. Nd4 Nxd4 16. exd4 Rxd4 17. Qc1 exd3 18. Qc3 Qd6 19. Rad1 f6 20. Rd2 Bf5 21.
Rfd1 Rd8 22. a4 c6 23. h3 h5 24. Qa5 a6 25. Re1 Rd5 26. Qc3 Re5 27. Rxe5 Qxe5
0-1

[Event "AUTO-INT-1807"]
[Site "http://www.queenalice.com/game.php?id=827023"]
[Date "2010.9.2"]
[Round "1"]
[White "torrenegra64"]
[Black "Inexperiente"]
[Result "1-0"]
[WhiteElo "1456"]
[BlackElo "1920"]

1. e4 c5 2. Nf3 d6 3. d4 cxd4 4. Nxd4 Nf6 5. Nc3 a6 6. Bg5 e5 7. Nb3 Be6 8. Bxf6
Qxf6 9. Nd5 Bxd5 10. Qxd5 Nc6 11. Be2 Nb4 12. Qd2 Be7 13. c3 Nc6 14. O-O O-O 15.
Rad1 Rfd8 16. Bc4 Rac8 17. f4 b5 18. fxe5 dxe5 19. Bd5 Qg6 20. Qf2 Bf6 21. Qb6
Nb8 22. Qb7 Bg5 23. Bxf7+ Qxf7 24. Qxf7+ Kh8 25. Rxd8+ Rxd8 26. Qf8+ Rxf8 27.
Rxf8# 1-0

[Event "AUTO-INT-1807"]
[Site "http://www.queenalice.com/game.php?id=827024"]
[Date "2010.9.2"]
[Round "1"]
[White "Inexperiente"]
[Black "Gil"]
[Result "0-1"]
[WhiteElo "1766"]
[BlackElo "1812"]

1. d4 d5 2. c4 Nf6 3. Nf3 e6 4. Nc3 Be7 5. e3 O-O 6. b3 Bb4 7. Bb2 Nc6 8. cxd5
Nxd5 9. Qc2 g6 10. Bd3 Be7 11. O-O Ncb4 12. Qb1 Nxd3 13. Qxd3 Nb4 14. Qd1 b6 15.
a3 Nd5 16. e4 Nxc3 17. Bxc3 Ba6 18. Re1 f6 0-1

[Event "AUTO-INT-1807"]
[Site "http://www.queenalice.com/game.php?id=827025"]
[Date "2010.9.2"]
[Round "1"]
[White "Gil"]
[Black "Inexperiente"]
[Result "1-0"]
[WhiteElo "1797"]
[BlackElo "1781"]

1. d4 Nf6 2. Nf3 e6 3. c4 d5 4. Nc3 Bb4 5. Qa4+ Nc6 6. cxd5 Bxc3+ 7. bxc3 exd5
8. e3 Bd7 9. Bd2 O-O 10. Qb3 b6 11. Bd3 Ne7 12. Qc2 c5 13. dxc5 bxc5 14. O-O a6
15. Ne5 c4 16. Nxd7 Qxd7 17. Be2 Ng6 18. Rab1 Ne4 19. f3 1-0

[Event "Challenge"]
[Site "http://www.queenalice.com/game.php?id=827044"]
[Date "2010.9.2"]
[Round "-"]
[White "montelo"]
[Black "Inexperiente"]
[Result "1-0"]
[WhiteElo "2119"]
[BlackElo "1941"]

1. e4 c5 2. Nf3 d6 3. g3 Nf6 4. Nc3 Nc6 5. Bg2 e6 6. d3 Be7 7. Bg5 O-O 8. Bxf6
Bxf6 9. O-O Bd7 10. Qc1 Nd4 11. Nxd4 Bxd4 12. Ne2 Bf6 13. c3 Rc8 14. f4 Bc6 15.
d4 cxd4 16. Nxd4 Bxd4+ 17. cxd4 Qb6 18. Rd1 Bxe4 19. Qe3 Bxg2 20. Kxg2 Qxb2+ 21.
Kg1 Rc2 22. Rdb1 Qc3 23. Qxc3 Rxc3 24. Rxb7 Rd3 25. Rxa7 Rxd4 26. a4 g6 27. a5
Rb4 28. a6 Rbb8 29. Rb7 Ra8 30. a7 d5 31. Kf2 Kg7 32. Rab1 Rac8 33. Rb8 Rc2+ 34.
Ke1 Ra2 35. Rxf8 Rxa7 36. Rc8 Kf6 37. g4 g5 38. fxg5+ Kxg5 39. Rg8+ Kh4 40. Kf1
e5 41. g5 Ra2 42. Rg7 Kh3 43. Rxh7+ Kg4 44. h4 Rh2 45. Rb4+ Kf3 46. Rxf7+ Ke3
47. g6 Rxh4 48. Rxh4 d4 49. g7 d3 50. g8=Q d2 51. Qd8 1-0

[Event "Challenge"]
[Site "http://www.queenalice.com/game.php?id=827045"]
[Date "2010.9.2"]
[Round "-"]
[White "Inexperiente"]
[Black "montelo"]
[Result "0-1"]
[WhiteElo "1930"]
[BlackElo "2126"]

1. d4 c6 2. e4 e6 3. Nf3 d6 4. c4 d5 5. Nc3 Bb4 6. exd5 cxd5 7. Bd2 Bxc3 8. bxc3
Nf6 9. cxd5 Nxd5 10. Bd3 Qb6 11. O-O Qc7 12. c4 Nf4 13. Bxf4 Qc6 14. Rc1 Nd7 15.
Ne5 Nxe5 16. Bxe5 O-O 17. Rc3 b6 18. Bxh7+ Kxh7 19. Qh5+ Kg8 20. Rh3 f6 21. Qh8+
Kf7 22. Qh5+ Ke7 23. Bg3 Bb7 24. d5 Qxc4 25. d6+ Kd7 26. Rh4 Qxa2 27. Rg4 g5 28.
Qh7+ Kc6 29. Qc7+ Kb5 30. Qxb7 Qd5 31. Qe7 Rad8 32. Rb1+ Kc5 33. Rc1+ Kb5 34. f3
Rfe8 35. Qxf6 e5 36. Rxg5 Rxd6 37. Rxe5 Rxe5 38. Bxe5 Rxf6 39. Bxf6 Qd2 40. Rb1+
Kc6 41. Bh4 Qd4+ 42. Bf2 Qd3 43. Rc1+ Kb7 44. h3 a5 45. Kh2 a4 46. Re1 Qd2 47.
Re7+ Ka6 48. Bg1 Qd6+ 49. g3 Qxe7 50. Bf2 Qe2 51. Kg2 a3 0-1

[Event "Challenge"]
[Site "http://www.queenalice.com/game.php?id=827138"]
[Date "2010.9.3"]
[Round "-"]
[White "Canaye"]
[Black "Inexperiente"]
[Result "1/2-1/2"]
[WhiteElo "1923"]
[BlackElo "1954"]

1. d4 Nf6 2. c4 e6 3. Nc3 Bb4 4. Qc2 d5 5. cxd5 exd5 6. Bg5 Nbd7 7. Nf3 Be7 8.
e3 b6 9. Bd3 Bb7 10. O-O O-O 11. Ne2 h6 12. Bh4 Re8 13. Ne5 Nxe5 14. dxe5 Nd7
15. Bxe7 Qxe7 16. f4 Nc5 17. Bf5 Bc8 18. Nd4 Bd7 1/2-1/2

[Event "AUTO-ADV-1894"]
[Site "http://www.queenalice.com/game.php?id=829570"]
[Date "2010.9.8"]
[Round "1"]
[White "sandromm"]
[Black "Inexperiente"]
[Result "1-0"]
[WhiteElo "1786"]
[BlackElo "1827"]

1. e4 c5 2. Nf3 d6 3. Bc4 e6 4. O-O Nf6 5. d3 Be7 6. Nc3 Nc6 7. Bg5 a6 8. a4 b6
9. Ba2 Bd7 10. Ne2 O-O 11. Ng3 h6 12. Bd2 Na7 13. c4 Bc6 14. b3 b5 15. axb5 axb5
16. Rc1 bxc4 17. bxc4 Bb7 18. Qb3 Nc6 19. Qxb7 1-0

[Event "AUTO-ADV-1894"]
[Site "http://www.queenalice.com/game.php?id=829571"]
[Date "2010.9.8"]
[Round "1"]
[White "Inexperiente"]
[Black "sandromm"]
[Result "0-1"]
[WhiteElo "1846"]
[BlackElo "1767"]

1. d4 f5 2. Nf3 Nf6 3. c4 g6 4. Nc3 Bg7 5. g3 O-O 6. Bg2 e6 7. Qc2 Ne4 8. Be3 b6
9. Nxe4 fxe4 10. Qxe4 c6 11. Qc2 d5 12. cxd5 exd5 13. O-O Bf5 14. Qb3 Nd7 15.
Bd2 Nf6 16. Bg5 h6 17. Bxf6 Qxf6 18. Rac1 Rac8 19. Nh4 Be6 0-1

[Event "AUTO-ADV-1894"]
[Site "http://www.queenalice.com/game.php?id=829586"]
[Date "2010.9.8"]
[Round "1"]
[White "Lothor"]
[Black "Inexperiente"]
[Result "0-1"]
[WhiteElo "1419"]
[BlackElo "1570"]

1. e4 c5 2. Nf3 d6 3. d4 cxd4 4. Nxd4 Nf6 5. Nc3 a6 6. Be2 e5 7. Nb3 Be6 8. O-O
Be7 9. f4 Nbd7 10. Be3 exf4 0-1

[Event "AUTO-ADV-1894"]
[Site "http://www.queenalice.com/game.php?id=829587"]
[Date "2010.9.8"]
[Round "1"]
[White "Inexperiente"]
[Black "Lothor"]
[Result "1-0"]
[WhiteElo "1580"]
[BlackElo "1409"]

1. d4 d5 2. c4 e6 3. Nf3 Nf6 4. Bg5 Be7 5. Nc3 O-O 6. e3 h6 7. Bh4 b6 8. cxd5
Nxd5 9. Bg3 Nxc3 10. bxc3 Bb7 11. Be2 1-0

[Event "AUTO-MASTER-1217"]
[Site "http://www.queenalice.com/game.php?id=829917"]
[Date "2010.9.8"]
[Round "1"]
[White "technicaldraw"]
[Black "Inexperiente"]
[Result "1-0"]
[WhiteElo "2081"]
[BlackElo "1883"]

1. e4 c5 2. Nf3 d6 3. d4 cxd4 4. Nxd4 Nf6 5. Nc3 a6 6. Be3 e5 7. Nf3 Be6 8. Ng5
Be7 9. Nxe6 fxe6 10. Bc4 Qc8 11. Bb3 Nc6 12. Qf3 Qd7 13. Qh3 d5 14. exd5 exd5
15. Qxd7+ Nxd7 16. Nxd5 O-O-O 17. Nxe7+ Nxe7 18. Be6 Kb8 19. O-O-O Nf6 20. Bb6
Rxd1+ 21. Rxd1 Nc6 22. f3 Nh5 23. g3 g6 24. Bc5 Ng7 25. Bd6+ Ka7 26. Bd5 Re8 27.
Bc5+ Kb8 28. Bxc6 bxc6 29. Rd7 Ne6 30. Bd6+ Kc8 31. Rxh7 Nd4 32. Rf7 1-0

[Event "AUTO-MASTER-1217"]
[Site "http://www.queenalice.com/game.php?id=829918"]
[Date "2010.9.8"]
[Round "1"]
[White "Inexperiente"]
[Black "technicaldraw"]
[Result "0-1"]
[WhiteElo "1875"]
[BlackElo "2089"]

1. d4 Nf6 2. c4 g6 3. Nc3 Bg7 4. Nf3 d5 5. e3 O-O 6. Be2 c5 7. cxd5 Nxd5 8. O-O
Nc6 9. Bc4 Nb6 10. Be2 cxd4 11. exd4 Nxd4 12. Be3 Nxe2+ 13. Qxe2 Bg4 14. h3 Bxf3
15. Qxf3 Bxc3 16. bxc3 Qc7 17. Bh6 Rfd8 18. Rac1 Nd5 19. c4 Nf6 20. Qc3 Qc5 21.
g4 Qd4 22. Qb4 Nxg4 23. Bg5 Qe5 24. hxg4 Qxg5 25. f3 b6 26. Rfe1 Qh4 27. Kg2 e6
28. Rh1 Qg5 29. c5 Rd2+ 30. Kg3 Qe5+ 31. Kh4 Rh2+ 32. Rxh2 Qxh2+ 0-1

[Event "AUTO-MASTER-1217"]
[Site "http://www.queenalice.com/game.php?id=829933"]
[Date "2010.9.8"]
[Round "1"]
[White "sergiogvh"]
[Black "Inexperiente"]
[Result "1-0"]
[WhiteElo "2253"]
[BlackElo "1850"]

1. e4 c5 2. d4 cxd4 3. c3 dxc3 4. Nxc3 Nc6 5. Nf3 d6 6. h3 Nf6 7. Bc4 a6 8. O-O
g6 9. Qe2 Bg7 10. Rd1 b5 11. Bb3 O-O 12. e5 dxe5 13. Rxd8 Rxd8 14. Nxe5 Nxe5 15.
Qxe5 b4 16. Qxe7 Rf8 17. Qxb4 Bd7 18. Bg5 Nh5 19. g4 1-0

[Event "AUTO-MASTER-1217"]
[Site "http://www.queenalice.com/game.php?id=829934"]
[Date "2010.9.8"]
[Round "1"]
[White "Inexperiente"]
[Black "sergiogvh"]
[Result "0-1"]
[WhiteElo "1848"]
[BlackElo "2254"]

1. d4 Nf6 2. c4 e5 3. dxe5 Ng4 4. e4 Nxe5 5. f4 Ng6 6. Nf3 Bb4+ 7. Nc3 Bxc3+ 8.
bxc3 d6 9. Be2 O-O 10. O-O b6 11. Be3 Bb7 12. Bd3 Re8 13. f5 Nf8 14. Qc2 Nbd7
0-1